Goya

Saved in:
Bibliografiske detaljer
Hovedforfatter: Symmons, Sarah (Author)
Format: Bog
Sprog:engelsk
Udgivet: Nueva York Phaidon Press 2010
Udgivelse:1a. ed
Serier:Arte e Ideas
Fag:
Tags: Tilføj Tag
Ingen Tags, Vær først til at tagge denne postø!

MARC

LEADER 00000cam a2200000 a 4500
001 UCD1277
003 CL-VaPUC
008 160121e20100000us |||||||||||||||||eng|d
020 |a 9780714837512 
082 0 4 |a 759.6  |b SYM  |2 21 
100 0 |a Symmons, Sarah  |e author  |9 584374 
245 1 0 |a Goya 
250 |a 1a. ed 
300 |a 351 p 
942 |c BK 
945 |d 20160121 16:41:00  |a arojas 
260 |a Nueva York  |b Phaidon Press  |c 2010 
600 0 |a Goya y Lucientes, Francisco José de   |9 315215 
650 0 |a Pintores españoles  |9 315216 
650 0 |a Romanticismo   |9 266698 
583 |a last modification  |c 20160121 16:41:00  |k Rodrigo Vera 
490 0 |a Arte e Ideas 
999 |c 362645  |d 362643 
952 |0 0  |1 0  |3 erb  |4 0  |6 759_600000000000000_SYM_2010  |7 0  |8 A  |9 474038  |a BIBART  |b BIBART  |i 5263417  |o 759.6 SYM 2010  |p 5263417  |r 2025-03-13  |w 2019-11-24  |y BK  |z Catalogado en:20160121  |k ART